000 00859cab a2200253 4500
001 ABS60172
008 090401t1999 xxu||||| |||| 00| 0 eng d
035 _a(Sirsi) u91409
041 _aeng
100 _aForrester, K.
245 _aNowhere to grow in expanding region
260 _c1999
350 _a0
490 _aPlanning (for the Natural and Built Environment)
_v(1305) 12 February 1999, 11(1)
520 _aDevelopers have met to discuss a regional strategy for East Anglia. The plan outlines policies such as housing and transport. Despite being the fastest growing region, East Anglia suffers from a lack of inward investment.
650 _aEAST ANGLIA
650 _aINWARD INVESTMENT
650 _aNEW HOMES
650 _aREGIONAL PLANNING
650 _aRPG
690 _aHOUSING-DEVELOPMENT
942 _n0
948 _c18/02/1999
999 _c58027
_d58027